000 00920nam a2200241Ia 4500
003 CO-CtgCURN
005 20250410205850.0
008 190726s2003 xx g 000 0 spa d
020 _a958973202X
040 _aCO-CtgCURN
_bspa
_ccoctgcurn
082 _a986.106
_bJ37o
100 _aJaramillo Echeverri, Marino
_91658
245 0 _aOposición y violencia en Colombia :
_b(1920-1934) /
_cMarino Jaramillo Echeverri
260 _aBogotá, Colombia :
_bAcademia Colombiana de Jurisprudencia,
_c2003
300 _a280 páginas ;
_c17 centímetros
504 _aIncluye referencias bibliográficas (p. 280)
521 _aAREA BASICA
590 _aTodos los programas acádemicos
650 _aViolencia política
_y1920-1934
_zColombia
_91659
651 _aColombia
_xPolítica y gobierno
_91660
942 _cBK
_h986.106
_iJ37o
_2ddc
_n0
999 _c30464
_d30464